[Event "Challenge"]
[Site "http://www.queenalice.com/game.php?id=969386"]
[Date "2011.8.6"]
[Round "-"]
[White "Scaracioli"]
[Black "sergiofortes"]
[Result "0-1"]
[WhiteElo "1565"]
[BlackElo "1557"]

1. e4 e5 2. Nf3 Qe7 3. d4 d6 4. d5 g6 5. h3 Nf6 6. Bg5 Bg7 7. Qd3 O-O 8. c4 Nbd7
9. g4 Nc5 10. Qc2 h6 11. Bxf6 Qxf6 12. Be2 c6 13. Nh2 Nxe4 14. Qxe4 Qf4 15. Qxf4
exf4 16. Nc3 Bd7 17. dxc6 Bxc6 18. Nf3 Rfe8 19. Kd1 a6 20. Re1 b5 21. cxb5 axb5
22. Kc2 b4 23. Nd1 Rac8 24. Nd2 Ba4+ 25. Kb1 Bc2+ 26. Kc1 Bd3+ 27. Nc3 bxc3 28.
bxc3 Bxc3 29. Bxd3 Rxe1+ 30. Kc2 Rxa1 31. Nb3 Rxa2+ 32. Kb1 Rb2+ 33. Kc1 Rxb3
34. Kd1 Bd4 35. Ke2 Re8+ 36. Kd2 Bxf2 37. Kc2 Rxd3 38. Kxd3 f3 39. h4 Bxh4 0-1

[Event "Servos de mentes aguda"]
[Site "http://www.queenalice.com/game.php?id=970967"]
[Date "2011.8.10"]
[Round "-"]
[White "Scaracioli"]
[Black "sergiofortes"]
[Result "1-0"]
[WhiteElo "1622"]
[BlackElo "1587"]

1. e4 e5 2. Nf3 Nc6 3. d4 exd4 4. Nxd4 d5 5. Bb5 Bd7 6. exd5 Nxd4 7. Bxd7+ Qxd7
8. Qxd4 Nf6 9. c4 Bb4+ 10. Nc3 Qe7+ 11. Be3 O-O 12. O-O Bc5 13. Qd2 c6 14. Rae1
Bd6 15. a3 Qe5 16. f4 Qh5 17. dxc6 Ng4 18. g3 bxc6 19. Re2 Bc5 20. Bxc5 Qxc5+
21. Kh1 Rad8 22. Qe1 Qxc4 23. h3 Nf6 24. Rf3 Rfe8 25. Rfe3 Kf8 26. Ne4 Nd5 27.
Nd6 Qxe2 28. Rxe2 Rxe2 29. Qxe2 Rxd6 30. Qa6 Nc7 31. Qxa7 Ne8 32. Qb8 h6 33. b4
Rd3 34. a4 g5 35. Kg2 Re3 36. fxg5 hxg5 37. a5 Kg7 38. Qb6 Kg6 39. Qxc6+ Kh5 40.
Kf2 Re6 41. Qd7 Rf6+ 42. Kg2 Nd6 43. a6 Ne4 44. Qg4+ Kg6 45. Qxe4+ Kh5 46. a7
Ra6 47. Qe2+ Kg6 48. Qxa6+ f6 49. a8=Q Kh5 50. Qh8+ Kg6 51. Qd3+ Kf7 52. Qdh7+
Ke6 53. Qe8+ Kd5 54. Qd3# 1-0

[Event "Challenge"]
[Site "http://www.queenalice.com/game.php?id=973623"]
[Date "2011.8.17"]
[Round "-"]
[White "ribeiro"]
[Black "sergiofortes"]
[Result "1/2-1/2"]
[WhiteElo "1575"]
[BlackElo "1549"]

1. e4 e5 2. Nf3 Qe7 3. Bb5 Nf6 4. O-O Nxe4 5. Re1 Nxf2 6. Kxf2 Qc5+ 7. d4 Qxb5
8. Rxe5+ Qxe5 9. Nxe5 Bd6 10. Qe2 O-O 11. h4 Re8 12. Be3 Bxe5 13. Bf4 Bxd4+ 14.
Be3 Bxb2 15. Qf3 Bxa1 16. Qg3 Be5 17. Bf4 d6 18. Bxe5 Rxe5 19. Nd2 Be6 20. Qc3
c5 21. Nf3 Rf5 22. Qd3 g6 23. g4 Rf4 24. Qxd6 Rxg4 25. Qd8+ Kg7 26. Ng5 Bxa2 27.
Qc7 Bd5 28. Qe5+ Kh6 29. Qxd5 Nc6 30. Nf3 f5 31. Qd2+ f4 32. Qd7 Rg3 33. Qxb7
Re8 34. Qxc6 Re3 35. Ne1 Kh5 36. Qxc5+ Kxh4 37. Ng2+ Kg4 38. Nxe3+ fxe3+ 39. Ke2
Rf3 40. Qd4+ Kg3 41. Qxa7 h5 42. Qg7 Rf2+ 43. Kxe3 Rf3+ 44. Ke4 Rf4+ 45. Ke5 Rg4
46. c4 h4 47. c5 h3 48. c6 h2 49. Qh7 Kg2 50. c7 h1=Q 51. Qxh1+ Kxh1 52. c8=Q
Rg2 53. Qh3+ Kg1 54. Kf4 g5+ 55. Kf3 g4+ 56. Qxg4 Rxg4 57. Kxg4 Kf2 1/2-1/2

[Event "turno e returno"]
[Site "http://www.queenalice.com/game.php?id=973662"]
[Date "2011.8.17"]
[Round "-"]
[White "sergiofortes"]
[Black "ribeiro"]
[Result "0-1"]
[WhiteElo "1532"]
[BlackElo "1574"]

1. e4 e5 2. Nf3 Nc6 3. Bc4 Nf6 4. Nc3 Bc5 5. O-O h6 6. a3 g5 7. b4 Bd4 8. b5 Na5
9. Nxd4 Nxc4 10. Nf5 h5 11. d3 Ng4 12. Ng7+ Kf8 13. Nxh5 Nxh2 14. Kxh2 d6 15. g4
Nb6 16. a4 a6 17. bxa6 Rxa6 18. a5 c6 19. Be3 Nd7 20. Rh1 Nf6 21. f3 Nxh5 22.
Kg2 Nf4+ 23. Bxf4 Rxh1 24. Qxh1 gxf4 25. Qh6+ Ke7 26. g5 Be6 27. Qh7 Kd7 28. g6
Qg5+ 29. Kf2 Qxg6 30. Qh4 Qg8 31. Ne2 Qa8 32. d4 Rxa5 33. Rd1 Qa7 34. Kg2 Ra1
35. Rd2 Qa5 36. c3 Ra2 37. Rxa2 Qxa2 38. Kf1 Bc4 39. Qe1 exd4 40. cxd4 b5 0-1

[Event "Challenge"]
[Site "http://www.queenalice.com/game.php?id=977258"]
[Date "2011.8.26"]
[Round "-"]
[White "Scaracioli"]
[Black "sergiofortes"]
[Result "0-1"]
[WhiteElo "1590"]
[BlackElo "1572"]

1. e4 e5 2. Nf3 Qe7 3. d4 g6 4. Nxe5 Bg7 5. f4 Nf6 6. Qd3 d6 7. Nc4 Qxe4+ 8.
Qxe4+ Nxe4 9. c3 O-O 10. Ne3 Re8 11. Bd3 Bf5 12. O-O c5 13. Re1 cxd4 14. Nxf5
gxf5 15. g4 dxc3 16. bxc3 Nc6 17. gxf5 Nxc3 18. Rxe8+ Rxe8 19. Bb2 Re3 20. Nxc3
Rxd3 21. Rc1 Nb4 22. a3 Nd5 23. Nxd5 Bxb2 24. Rc8+ Kg7 25. f6+ Kg6 26. Rg8+ Kf5
27. Rg5+ Ke6 28. Nb4 Rxa3 29. Rg7 Bxf6 30. Rxh7 a5 31. Nd3 Rxd3 32. Kg2 a4 33.
Kf2 a3 34. Ke2 Rd4 35. Ke3 a2 36. Rh5 a1=Q 37. f5+ Ke5 38. h4 Qc3+ 39. Kf2 Rd2+
40. Ke1 Qc1# 0-1

[Event "Challenge"]
[Site "http://www.queenalice.com/game.php?id=982018"]
[Date "2011.9.6"]
[Round "-"]
[White "Scaracioli"]
[Black "sergiofortes"]
[Result "1-0"]
[WhiteElo "1647"]
[BlackElo "1589"]

1. e4 e5 2. Nf3 Nf6 3. Nc3 Qe7 4. d4 d6 5. d5 g6 6. Bd3 Bg7 7. Bg5 O-O 8. h3 a6
9. Qd2 b5 10. g4 c5 11. a3 1-0

[Event "AUTO-INT-2072"]
[Site "http://www.queenalice.com/game.php?id=984382"]
[Date "2011.9.12"]
[Round "2"]
[White "Narutos"]
[Black "sergiofortes"]
[Result "1-0"]
[WhiteElo "1989"]
[BlackElo "1542"]

1. e4 e5 2. Bc4 Nf6 3. Nc3 g6 4. Nf3 Qe7 5. d3 Bg7 6. O-O O-O 7. Bg5 c6 8. Qd2
b5 9. Bb3 a5 10. a3 a4 11. Ba2 b4 12. axb4 Qxb4 13. Rab1 1-0

[Event "AUTO-INT-2072"]
[Site "http://www.queenalice.com/game.php?id=984383"]
[Date "2011.9.12"]
[Round "2"]
[White "sergiofortes"]
[Black "Narutos"]
[Result "0-1"]
[WhiteElo "1540"]
[BlackElo "1991"]

1. e4 c5 2. Nf3 Nc6 3. g3 d6 4. Bg2 Bd7 5. O-O Nf6 6. d3 e6 7. Nc3 Be7 8. a3 O-O
9. Ng5 h6 10. Nf3 a6 11. Be3 d5 12. Qd2 d4 0-1

[Event "AUTO-INT-2072"]
[Site "http://www.queenalice.com/game.php?id=984390"]
[Date "2011.9.12"]
[Round "2"]
[White "sergiofortes"]
[Black "johndavidtelker"]
[Result "0-1"]
[WhiteElo "1550"]
[BlackElo "1749"]

1. e4 c5 2. Nf3 Nc6 3. c3 Nf6 4. Ng5 h6 5. Nxf7 Kxf7 6. Bc4+ e6 7. d4 cxd4 8.
cxd4 Nxe4 9. Qf3+ Nf6 10. Be3 Be7 11. d5 Ne5 0-1

[Event "AUTO-INT-2072"]
[Site "http://www.queenalice.com/game.php?id=984391"]
[Date "2011.9.12"]
[Round "2"]
[White "johndavidtelker"]
[Black "sergiofortes"]
[Result "1-0"]
[WhiteElo "1778"]
[BlackElo "1538"]

1. d4 Nf6 2. c4 g6 3. Nc3 Bg7 4. Nf3 O-O 5. e4 d6 6. Be2 b6 7. O-O Nc6 8. Re1 e5
9. d5 Ne7 10. Bg5 c6 11. Qc2 Bg4 12. h3 Bxh3 13. gxh3 Qd7 14. Kg2 a6 15. b3 b5
16. Rad1 b4 17. dxc6 Nxc6 18. Bxf6 Bxf6 19. Nd5 1-0

[Event "Agora é sério"]
[Site "http://www.queenalice.com/game.php?id=1408959"]
[Date "2016.2.12"]
[Round "-"]
[White "sergiofortes"]
[Black "rodrigofortes"]
[Result "1-0"]
[WhiteElo "1533"]
[BlackElo "1512"]

1. e4 e5 2. Bc4 Nf6 3. Nf3 d5 4. exd5 Nxd5 5. Nxe5 Be6 6. c3 Qd6 7. d4 Nd7 8.
Qe2 O-O-O 9. Na3 f6 10. Nb5 Qb6 11. Nxd7 Rxd7 12. Nxa7+ Kd8 13. O-O Bf7 14. Nb5
g5 15. a4 Nf4 16. Bxf4 gxf4 17. a5 Qa6 18. Rfe1 c6 19. Bxf7 Rxf7 20. Qe8# 1-0

[Event "AUTO-INT-3108"]
[Site "http://www.queenalice.com/game.php?id=1410411"]
[Date "2016.2.21"]
[Round "1"]
[White "raven225"]
[Black "sergiofortes"]
[Result "0-1"]
[WhiteElo "1573"]
[BlackElo "1570"]

1. e4 e5 2. Nf3 f5 3. d3 d6 4. Nc3 Be6 5. Bg5 Be7 6. Bxe7 Qxe7 7. Be2 Nd7 8. Qd2
Ngf6 9. O-O-O O-O-O 10. Kb1 Ng4 11. Rhf1 f4 12. h3 Ngf6 13. Qe1 g5 14. Nxg5 Rhg8
15. Nxe6 Qxe6 16. Bf3 c6 17. d4 Kb8 18. d5 Qe7 19. dxc6 bxc6 20. Na4 Nb6 21. Qb4
Kc7 0-1

[Event "AUTO-INT-3108"]
[Site "http://www.queenalice.com/game.php?id=1410412"]
[Date "2016.2.21"]
[Round "1"]
[White "sergiofortes"]
[Black "raven225"]
[Result "1-0"]
[WhiteElo "1553"]
[BlackElo "1590"]

1. e4 Nc6 2. Nf3 d6 3. d4 e6 4. Bc4 Nf6 5. Nbd2 Be7 6. d5 exd5 7. exd5 Na5 8. b4
Nxc4 9. Nxc4 O-O 10. O-O Bg4 11. Bb2 b5 12. Ne3 a6 13. Bxf6 Bxf6 14. Nxg4 Bxa1
15. Qxa1 f6 16. Nd4 Qd7 17. Ne6 Rf7 18. Qc3 Rc8 19. Re1 c6 20. Qd3 cxd5 21. Qxd5
Rxc2 22. h4 Re7 23. Nxf6+ gxf6 24. Nc5+ Kg7 25. Nxd7 1-0

[Event "AUTO-INT-3108"]
[Site "http://www.queenalice.com/game.php?id=1410431"]
[Date "2016.2.21"]
[Round "1"]
[White "sergiofortes"]
[Black "rodrigofortes"]
[Result "1-0"]
[WhiteElo "1586"]
[BlackElo "1572"]

1. e4 Nc6 2. d4 e6 3. d5 Ne5 4. Nf3 Bd6 5. Bf4 Qf6 6. g3 h6 7. h4 Nxf3+ 8. Qxf3
Qxb2 9. Qc3 Qxc3+ 10. Nxc3 Bb4 11. Bd2 exd5 12. exd5 Nf6 13. Bg2 Ba3 14. Nb5 O-O
15. Nxa3 Re8+ 16. Be3 Ng4 17. Nc4 b5 18. d6 bxc4 19. Bxa8 Nxe3 20. fxe3 Rxe3+
21. Kf2 Re5 22. Rab1 cxd6 23. Rb8 Re8 24. Re1 Kf8 25. Bb7 Rxe1 26. Rxc8+ Re8 27.
Rxc4 g6 28. Bc8 d5 29. Rc5 Ke7 30. Rxd5 Kd8 31. Bxd7 Re7 32. Bb5+ Kc7 33. c4 Re6
34. Rd7+ Kb6 35. Rxf7 Rd6 36. Ke3 Kc5 37. Rxa7 Re6+ 38. Kf4 Kd4 39. Rd7+ Kc5 40.
a4 Rf6+ 41. Ke5 Rf3 42. Rh7 h5 43. Rh6 Rxg3 44. Kf6 Rg4 45. a5 Rxh4 46. Kxg6 Rh2
47. Rxh5+ Rxh5 48. Kxh5 Kd6 49. a6 Kc7 50. c5 Kb8 51. c6 Kc7 52. a7 Kb6 53. c7
Kxc7 54. a8=Q Kb6 55. Qc6+ Ka5 56. Kg4 Kb4 57. Kf4 Ka5 58. Ba6 Kb4 59. Qb5+ Kc3
60. Ke3 Kc2 61. Qc5+ Kb3 62. Kd2 Ka2 63. Bc4+ Ka1 64. Qa3+ Kb1 65. Qa2# 1-0

[Event "AUTO-INT-3108"]
[Site "http://www.queenalice.com/game.php?id=1410432"]
[Date "2016.2.21"]
[Round "1"]
[White "rodrigofortes"]
[Black "sergiofortes"]
[Result "1-0"]
[WhiteElo "1544"]
[BlackElo "1601"]

1. Nf3 c5 2. g3 Nc6 3. Bg2 g6 4. O-O Bg7 5. d3 d6 6. e4 e5 7. c3 b5 8. Bg5 Bf6
9. Qd2 h6 10. Bxf6 Nxf6 11. a3 a5 12. c4 bxc4 13. dxc4 Nxe4 14. Qe3 Bf5 15. Nh4
Qg5 16. Bxe4 Ra6 17. Nc3 Nd4 18. Rac1 O-O 19. Nf3 Qxe3 20. fxe3 Bxe4 21. Nxd4
Bd3 22. Ndb5 Bxf1 23. Rxf1 Kg7 24. Ne4 Rd8 25. Rf6 d5 26. Rxa6 dxe4 27. Rd6 Re8
28. g4 f5 29. Nc7 Rb8 30. Ne6+ Kf7 31. g5 Re8 32. gxh6 Rh8 33. Ng5+ Ke7 34. Rxg6
f4 35. Rg7+ Kf8 36. Rf7+ Ke8 37. h7 fxe3 38. Kf1 Rxh7 39. Rxh7 a4 40. Nxe4 Kf8
41. Nxc5 Kg8 42. Re7 e2+ 43. Kxe2 Kf8 44. Rxe5 Kf7 45. Nd7 Kg6 46. c5 Kf7 47. c6
Kg8 48. c7 Kg7 49. c8=Q Kg6 50. Nf8+ Kf6 51. Qe6+ Kg7 52. Qe7+ Kg8 53. Rg5+ Kh8
54. Qg7# 1-0